000 00326 a2200157 4500
001 175924
020 _a
040 _cMagnum
100 _aMiranda, Claudia
240 1 0 _aLinguagem viva/v.4
_lpor
245 1 0 _aLinguagem viva/v.4
362 0 _a1899
440 1 _aÁtica
697 _aMAGNITO: PARADIDATICO
942 _cBK
999 _c175924
_d175924